00247nam a22000977a 4500008004100000082001500041100001800056245002400074260004200098300000900140230619b xxu||||| |||| 00| 0 eng d a305.8bSEL cC.G. Seligman aThe Home University aLondonbOxford University Pressc1957 a236p